Nuevo latinoamericanismo eslovaco y sus expectativas ante la Unión Europea

Latinskoamerické štúdie na Slovensku, koncepcia Centra iberských a latinskoamerických štúdií na EU v Bratislave. Európske programy na podporu vzťahov s Latinskou Amerikou.

Gespeichert in:
Bibliographische Detailangaben
1. Verfasser: Lenghardtová, Jana
Format: Buchkapitel
Sprache:Spanisch
Schlagworte:
Tags: Tag hinzufügen
Keine Tags, Fügen Sie das erste Tag hinzu!

MARC

LEADER 00000naa$a2200000$$$4500
001 0058394
005 20240502083140.5
041 0 |a spa 
044 |a PL 
245 1 0 |a Nuevo latinoamericanismo eslovaco y sus expectativas ante la Unión Europea  |c Jana Lenghardtová 
520 |a Latinskoamerické štúdie na Slovensku, koncepcia Centra iberských a latinskoamerických štúdií na EU v Bratislave. Európske programy na podporu vzťahov s Latinskou Amerikou. 
610 2 0 |a Latinská Amerika 
610 2 0 |a Európa 
610 2 0 |a vzťahy medzinárodné 
610 2 0 |a programy 
610 2 0 |a vzdelávanie vysokoškolské 
610 2 0 |a Ekonomická univerzita v Bratislave 
610 2 0 |a pracovisko 
100 1 |a Lenghardtová, Jana